000 00858nas a2200277 4500
001 BR0205506
003 BR-BrBNA
005 20231205103349.0
007 ta
008 230509b bl.|||p| |||| 00| 00por d
040 _aBR-BrBNA
_bpor
_cBiblioteca Nacional de Agricultura
041 _a(Pt)
072 _aJ11; Q02
100 1 _aDonazzolo, J.
100 1 _aBrackmann, A.
245 1 _aArmazenamento de caqui (Diospyros kaki, L.)cv. Quioto, em atmosfera controlada
650 _aCAQUI
650 _aARMAZENAMENTO DE ALIMENTO
650 _aPRESERVAÇÃO DE ALIMENTO
650 _aVIDA-DE-PRATELEIRA
650 _aQUALIDADE
650 _aRIO GRANDE DO SUL
773 0 _tRevista Brasileira de Fruticultura (Brazil)
_xISSN 0100-2945
_g(Aug 2002), v. 24(2) p. 323-327
_wBR0205506
909 _a202311
_bLúcia
_c55
_dLúcia Elande
942 _2AGRIS
_n0
_cANA
999 _c172470
_d172470